000
00217 a2200097 4500
001
13833
100
_a
Sanden H V
245
_a
Practical Mathematical
260
_a
London
_b
Methuen & Co. Ltd
_c
090
_c
10811
_d
10811
942
_a
NUST-CAE
_c
905
_c
M
999
_c
248906
_d
248906